Imiona nadane dziewczynkom w 2011 roku - Statystyki

Ogólne statystyki
  • Ten quiz został rozwiązany 41 razy
  • Średni wynik to 73 z 100
Statystyki odpowiedzi
Odpowiedź % Poprawnych
A Anna
96%
J Julia
96%
W Weronika
96%
A Alicja
92%
H Hanna
92%
L Lena
92%
M Maja
92%
M Maya
92%
N Natalia
92%
V Victoria
92%
W Wiktoria
92%
Z Zuzanna
92%
A Agnieszka
88%
E Ewa
88%
G Gabriela
88%
J Joanna
88%
M Maria
88%
M Michalina
88%
O Olivia
88%
O Oliwia
88%
P Pola
88%
Z Zofia
88%
A Aleksandra
84%
M Marta
84%
M Martyna
84%
N Nadia
84%
P Patrycja
84%
P Paulina
84%
A Adrianna
80%
A Agata
80%
A Anastazja
80%
B Barbara
80%
D Daria
80%
E Emilia
80%
H Helena
80%
K Katarzyna
80%
K Kinga
80%
L Laura
80%
Ł Łucja
80%
M Magdalena
80%
M Monika
80%
N Nicola
80%
N Nikola
80%
D Dominika
76%
I Iga
76%
I Izabela
76%
K Kornelia
76%
L Lidia
76%
M Malwina
76%
M Milena
76%
U Urszula
76%
A Amelia
72%
E Ewelina
72%
K Kaja
72%
M Małgorzata
72%
M Marcelina
72%
N Nina
72%
V Vanessa
72%
A Ada
68%
A Antonina
68%
B Blanka
68%
D Dorota
68%
E Eliza
68%
J Jagoda
68%
J Justyna
68%
K Karolina
68%
K Klara
68%
K Klaudia
68%
L Lilianna
68%
M Marianna
68%
O Olga
68%
R Róża
68%
R Rozalia
68%
S Sandra
68%
S Sylwia
68%
K Kamila
64%
L Liliana
64%
R Roksana
64%
S Sara
64%
A Anita
60%
A Aurelia
60%
K Kalina
60%
L Liwia
60%
M Matylda
60%
A Aniela
56%
B Bianka
56%
J Julita
56%
N Nela
56%
A Angelika
52%
K Karina
52%
N Nicole
52%
J Judyta
48%
M Marlena
48%
N Natasza
48%
S Sonia
48%
D Dagmara
44%
E Emma
44%
M Marika
36%
E Elena
32%
J Jessica
32%
Nie znaleziono quizów pasujących do podanych kryteriów
Rozkład punktacji
Procent ludzi z każdym wynikiem
Percentyl według liczby udzielonych odpowiedzi
Twoja historia wyników
Nie rozwiązałeś tego quizu